| 000 | 01049nam a2200205 a 4500 | ||
|---|---|---|---|
| 001 | 43597 | ||
| 005 | 20180714022155.0 | ||
| 008 | 140415s1980 mx 000 0 spa d | ||
| 020 | _a9684270666 | ||
| 041 | _aspa | ||
| 082 |
_a335.412 _bORU |
||
| 100 | 1 | _aORUDZHEV, Z. M. | |
| 245 | 1 | 3 | _aLA DIALECTICA COMO SISTEMA |
| 250 | _a1a ed. | ||
| 260 |
_aMEXICO : _bNUESTRO TIEMPO, _c1980 |
||
| 300 |
_a277 _cx 11.2 x 18.2 |
||
| 490 | _aCUESTIONES FILOSOFICAS | ||
| 520 | _aLA CIENCIA Y LA PRÁCTICA- OBSERVA EL AUTOR EN EL PREFACIO- PLANTEAN ANTE LOS FILÓSOFOS UNA TAREA DE GRAN DIFICULTAD Y COMPLEJIDAD. EN LA ACTUALIDAD YA NO ES SUFICIENTE LIMITAR EL ANÁLISIS A PROBLEMAS AISLADOS, A LEYES Y CATEGORÍAS AISLADAS DE LA DIALÉCTICA. EN EL PRESENTE, HA MADURADO AGUDAMENTE LA NECESIDAD DE DESARROLLAR LA TEORÍA DE LA DIALÉCTICA MATERIALISTA EN TODA SU INTEGRIDAD, ELABORAR UN SISTEMA LÓGICO, ARMONIOSO, DE CATEGORÍAS Y LEYES DE LA DIALÉCTICA, TANTO INTERNA CONO ORG | ||
| 650 | 1 | 4 |
_aDIALECTICA _xMARXISMO _xMATERIALISMO HISTORICO |
| 999 |
_c43597 _d43597 |
||